[Event "World Schools U17 2017"]
[Site "Iasi ROU"]
[Date "2017.04.26"]
[Round "5.1"]
[White "Kazimov,Farhan"]
[Black "Macovei,Andrei"]
[Result "0-1"]
[WhiteElo "2003"]
[BlackElo "2329"]

1.e4 c5 2.c4 Nc6 3.Nc3 g6 4.g3 Bg7 5.Bg2 a6 6.Nge2 Rb8 7.d3 b5 8.O-O d6 9.Rb1
Nf6 10.f4 Bd7 11.h3 O-O 12.Be3 Ne8 13.b3 b4 14.Na4 Nd4 15.Nb2 f5 16.Kh2 Nc7
17.Nxd4 cxd4 18.Bd2 a5 19.Qf3 Ne6 20.Rbe1 Nc5 21.e5 e6 22.Qf2 dxe5 23.fxe5 Bc8
24.Bd5 exd5 25.Qxd4 Ne6 26.Qxd5 Qc7 27.Bg5 h6 28.Bf6 Bxf6 29.exf6 Rxf6 30.Re5
Bb7 31.Qxa5 Qxa5 32.Rxa5 Nd4 33.Rf4 Nf3+ 34.Kg2 g5 35.Rxf3 g4 36.d4 Bxf3+
37.Kf2 Re8 38.hxg4 fxg4 39.Nd3 Re2+ 40.Kf1 Rd2 41.Nf4 Rxf4 {#R} 0-1

[Event "World Schools U17 2017"]
[Site "Iasi ROU"]
[Date "2017.04.26"]
[Round "5.3"]
[White "Ozen,Batuhan"]
[Black "Vasiesiu,Victor"]
[Result "0-1"]
[WhiteElo "2110"]
[BlackElo "2228"]

1.c4 e5 2.Nc3 Nc6 3.g3 Bc5 4.Bg2 d6 5.d3 f5 6.e3 Nf6 7.Nge2 a6 8.O-O Ba7 9.b3
O-O 10.Bb2 Qe8 11.d4 f4 12.dxe5 dxe5 13.exf4 Qh5 14.Nd5 Bg4 15.Re1 Nxd5
16.cxd5 exf4 17.dxc6 Bxf2+ 18.Kh1 f3 19.Bf1 fxe2 20.Bxe2 Bxe1 21.Bc4+ Kh8
22.Qd4 Bf3+ 23.Kg1 Qh6 24.Rxe1 Rad8 25.Qc5 b6 26.Qb4 a5 27.Qa3 Rfe8 28.Be5 Rd1
29.Rxd1 Qe3+ 30.Kf1 Bxd1 31.Bf4 Qf3+ {#R} 0-1

[Event "World Schools U17 2017"]
[Site "Iasi ROU"]
[Date "2017.04.26"]
[Round "5.5"]
[White "Popa,Eduard-Adrian"]
[Black "Banerjee,Abhimanyu"]
[Result "0-1"]
[WhiteElo "1910"]
[BlackElo "2034"]

1.d4 Nf6 2.Bg5 c5 3.Nf3 Qb6 4.dxc5 Qxb2 5.Nbd2 Na6 6.e4 Nxc5 7.Nc4 Qb4+ 8.Bd2
Qa4 9.e5 Nd5 10.Nd4 Rb8 11.Qf3 Nb6 12.Qc3 Ne4 13.Qb3 Nxd2 14.Qxa4 Nxa4 15.Kxd2
g6 16.Nb5 a6 17.Nc7+ Kd8 18.Nd5 b5 19.Rb1 Bh6+ 20.Nde3 Bb7 21.Na5 Bf4 22.Nxb7+
Rxb7 23.c4 b4 24.Bd3 Bxe5 25.Kc2 Nc5 26.Nd5 a5 27.Rhe1 d6 28.f4 Bg7 29.Bf1 e6
30.Ne3 a4 31.g4 h5 32.Bg2 Rb6 33.f5 hxg4 34.fxg6 f5 35.Rf1 Rxh2 36.Rh1 b3+
37.axb3 axb3+ 38.Kd2 Ne4+ 39.Ke1 Bc3+ 40.Kf1 Rxh1+ {#R} 0-1

[Event "World Schools U17 2017"]
[Site "Iasi ROU"]
[Date "2017.04.26"]
[Round "5.8"]
[White "Szocs,Teodor-Iulian"]
[Black "Hriscu,Alexandru-Gabriel"]
[Result "1-0"]
[WhiteElo "1923"]
[BlackElo "1712"]

1.e4 c5 2.Nc3 Nc6 3.f4 d6 4.Nf3 Nf6 5.Bb5 a6 6.Bxc6+ bxc6 7.h3 g6 8.d3 Bg7
9.O-O O-O 10.Qe1 Ne8 11.f5 Qb6 12.Qh4 Bf6 13.Ng5 Bxg5 14.Qxg5 Ra7 15.h4 Ng7
16.Qg4 Qb4 17.Qg3 Nh5 18.Qf3 Ng7 19.a3 Qd4+ 20.Be3 Qf6 21.fxg6 Qxg6 22.b4 Ne6
23.bxc5 dxc5 24.Na4 Nd4 25.Qf2 Bh3 26.Nxc5 Qxg2+ 27.Qxg2+ Bxg2 28.Bxd4 Bxf1
29.Rxf1 Raa8 30.Kh2 Rfd8 31.Rg1+ Kf8 32.Bg7+ Ke8 33.Bc3 Kf8 34.Rg7 Ra7 35.Rxh7
e5 36.Ne6+ {#r} 1-0

[Event "World Schools U17 2017"]
[Site "Iasi ROU"]
[Date "2017.04.26"]
[Round "5.9"]
[White "Ciesielski,Marceli"]
[Black "Herath,Nipuna B B"]
[Result "0-1"]
[WhiteElo "1366"]
[BlackElo "1644"]

1.d4 Nf6 2.c4 e6 3.Nc3 d5 4.Bg5 Be7 5.e3 Nbd7 6.Nf3 O-O 7.cxd5 Nxd5 8.Bxe7
Qxe7 9.Nxd5 exd5 10.Bd3 Nf6 11.Qb3 Re8 12.O-O c6 13.a4 Ne4 14.Bxe4 Qxe4
15.Rac1 Qg6 16.Kh1 Qh5 17.Qd1 Bg4 18.h3 Re6 19.Qd2 Bxf3 20.Kh2 Bxg2 21.Kxg2
Rg6+ 22.Kh2 Rh6 23.f3 Qxh3+ 24.Kg1 Rg6+ 25.Kf2 Rg2+ 26.Ke1 Rxd2 27.Kxd2 Re8
28.Rce1 g6 29.f4 Qg2+ 30.Kd1 Qxb2 31.f5 Qb3+ 32.Kd2 Qxa4 33.fxg6 hxg6 34.Rf3
Qb4+ 35.Kd1 a5 36.Ref1 Re7 {#R} 0-1

[Event "World Schools U17 2017"]
[Site "Iasi ROU"]
[Date "2017.04.26"]
[Round "5.10"]
[White "Ranawaka,Nuran Lakshitha N"]
[Black "Amirzhanov,Rauan"]
[Result "1-0"]
[WhiteElo "1515"]
[BlackElo "1508"]

1.d4 d5 2.Nf3 Bf5 3.c4 c6 4.Nc3 Nf6 5.Qb3 Qb6 6.c5 Qc7 7.Ne5 Nbd7 8.Bf4 Nh5
9.Nxd7 Nxf4 10.Nxf8 Kxf8 11.e3 Nh5 12.Be2 Nf6 13.f4 h5 14.O-O h4 15.Qd1 e6
16.Bd3 Ke7 17.Qc2 Qd7 18.Rad1 Bxd3 19.Qxd3 Rh5 20.b4 b5 21.a4 a6 22.Ra1 Rc8
23.axb5 axb5 24.Ra6 g5 25.f5 g4 26.fxe6 Qxe6 27.Nxb5 Nd7 28.Na7 Rc7 29.Nb5 Rc8
30.Nd6 Rf8 31.Rxc6 f5 32.Nxf5+ Qxf5 33.Rxf5 Rhxf5 34.Rc7 h3 35.g3 R8f7 36.c6
Rf8 37.Rxd7+ Ke6 38.b5 Ra8 39.Re7+ Kf6 40.Rf7+ {#r} 1-0

[Event "World Senior Teams +50"]
[Site "Hersonissos GRE"]
[Date "2017.04.26"]
[Round "3.1"]
[White "Arkell,K"]
[Black "Galdunts,S"]
[Result "0-1"]
[WhiteElo "2411"]
[BlackElo "2430"]

1.d4 Nf6 2.Nf3 e6 3.c4 Bb4+ 4.Bd2 Qe7 5.g3 Bxd2+ 6.Qxd2 d5 7.cxd5 exd5 8.Nc3
O-O 9.Bg2 c6 10.O-O Bf5 11.Qf4 Bg6 12.Ne5 Re8 13.Nxg6 hxg6 14.Rfe1 Na6 15.Rab1
Rad8 16.Qc1 Ne4 17.a3 Nc7 18.e3 g5 19.b4 Nxc3 20.Qxc3 Nb5 21.Qc1 Nd6 22.a4 a6
23.Bf1 g4 24.h3 gxh3 25.Bxh3 Ne4 26.b5 axb5 27.axb5 Rd6 28.bxc6 bxc6 29.Rb2
Rh6 30.Bg2 Qg5 31.Qd1 Ree6 32.Qe2 Nxg3 33.fxg3 Qxg3 34.Rf1 Qh2+ 35.Kf2 Qh4+
36.Kg1 Reg6 37.Rf4 Qh1+ {#R} 0-1

[Event "World Senior Teams +50"]
[Site "Hersonissos GRE"]
[Date "2017.04.26"]
[Round "3.3"]
[White "Polyakov,A"]
[Black "Fegan,C"]
[Result "1-0"]
[WhiteElo "2223"]
[BlackElo "2052"]

1.Nf3 g6 2.d4 d6 3.c3 Nf6 4.Bf4 Bg7 5.Nbd2 O-O 6.e4 c5 7.dxc5 dxc5 8.h3 Nc6
9.Qc2 Re8 10.Bc4 a6 11.a4 e5 12.Bg5 Be6 13.O-O Qc7 14.Bxe6 Rxe6 15.Nc4 h6
16.Bxf6 Rxf6 17.Rfd1 Rf4 18.Ne3 Ne7 19.Nd2 Rf8 20.a5 Rh4 21.Qb3 Kh7 22.Qb6 Qc8
23.Ndc4 f5 24.Nd6 Qc6 25.Qxb7 fxe4 26.Qxe7 {#r} 1-0

[Event "World Senior Teams +50"]
[Site "Hersonissos GRE"]
[Date "2017.04.26"]
[Round "3.4"]
[White "Wallner,J"]
[Black "Cordes,HJ"]
[Result "1-0"]
[WhiteElo "2313"]
[BlackElo "2231"]

1.b3 Nf6 2.g3 d5 3.Bg2 c6 4.Bb2 Bf5 5.Nf3 h6 6.d3 Nbd7 7.Nbd2 e6 8.O-O Be7
9.e4 dxe4 10.dxe4 Bh7 11.Qe2 O-O 12.Rfd1 Qc7 13.e5 Nd5 14.c4 Nb4 15.Ne4 a5
16.a3 Bxe4 17.Qxe4 Nc5 18.Qb1 Nxb3 19.axb4 Nxa1 20.Bxa1 Bxb4 21.g4 Rfd8 22.Rf1
Qe7 23.h4 Bd2 24.Qc2 Bb4 25.g5 a4 26.gxh6 gxh6 27.Qe4 a3 28.Qf4 Qf8 29.Kh2 a2
30.Rg1 Kh8 31.Bh3 Be7 32.Nd2 Ra4 33.Bf1 Rxd2 34.Qxd2 Bxh4 35.Bd3 Ra3 36.Qe3
Bg5 37.Qe4 {#r} 1-0

[Event "World Senior Teams +50"]
[Site "Hersonissos GRE"]
[Date "2017.04.26"]
[Round "3.4"]
[White "Strutinskaya,G"]
[Black "Burchardt,B"]
[Result "1-0"]
[WhiteElo "2293"]
[BlackElo "2182"]

1.d4 d5 2.c4 e6 3.Nf3 Nf6 4.Nc3 Be7 5.Bg5 c6 6.e3 Nbd7 7.Qc2 O-O 8.cxd5 exd5
9.Bd3 Re8 10.O-O g6 11.h3 Ne4 12.Bf4 Ndf6 13.Rab1 Bd6 14.Be5 Bxe5 15.Nxe5 Nd6
16.b4 a6 17.a4 Bf5 18.b5 axb5 19.axb5 c5 20.dxc5 Rxe5 21.cxd6 Qxd6 22.Bxf5
Rxf5 23.Rfd1 Qe6 24.Rd4 Rc8 25.Qd2 Ne4 26.Nxe4 dxe4 27.Qb4 Qa2 28.Rd2 Rc2
29.Rb2 Rc1+ 30.Kh2 Qe6 31.Rd8+ Kg7 32.Qf8+ Kf6 33.Rd6 {#r} 1-0

[Event "World Senior Teams +50"]
[Site "Hersonissos GRE"]
[Date "2017.04.26"]
[Round "3.5"]
[White "Bergstrom,R"]
[Black "Rantanen,Y"]
[Result "0-1"]
[WhiteElo "2248"]
[BlackElo "2292"]

1.b3 e5 2.Bb2 d6 3.e3 Nf6 4.Nf3 e4 5.Nd4 c5 6.Ne2 Nc6 7.d4 exd3 8.cxd3 d5
9.Nd2 Bd6 10.a3 O-O 11.Ng3 d4 12.e4 Ng4 13.Be2 Nce5 14.Nf5 Bxf5 15.exf5 Qh4
16.g3 Qh3 17.Bf1 Qh6 18.Ne4 Rae8 19.Bc1 Qh5 20.h3 Qxf5 21.Bg2 Nxd3+ 22.Kd2
Ndxf2 23.Rf1 Nxe4+ 24.Bxe4 Qxe4 25.Qxg4 Qg2+ {#R} 0-1

[Event "World Senior Teams +50"]
[Site "Hersonissos GRE"]
[Date "2017.04.26"]
[Round "3.5"]
[White "Salonen,J"]
[Black "Lagerborg,K"]
[Result "1-0"]
[WhiteElo "2174"]
[BlackElo "2062"]

1.e4 c5 2.Ne2 d6 3.d4 cxd4 4.Nxd4 Nf6 5.Nc3 a6 6.h3 e5 7.Nde2 Be6 8.g4 h6
9.Bg2 Qc7 10.Be3 Nbd7 11.Qd2 b5 12.O-O Be7 13.Nd5 Bxd5 14.exd5 Nc5 15.Rac1 h5
16.f3 Rb8 17.g5 Nfd7 18.h4 f5 19.f4 g6 20.Rfd1 e4 21.b4 Na4 22.c4 bxc4 23.Qd4
Kf7 24.Rxc4 Qb7 25.Rdc1 Rbc8 26.a3 Nab6 27.Rc6 Na4 28.Qd1 Ndb6 29.Qb3 Rhe8
30.Kh2 Kg7 31.Nc3 Rxc6 32.dxc6 Qxc6 33.Nxa4 Qxa4 34.Qb2+ Kh7 35.Bxb6 Qb5
36.Bd4 Bd8 37.Bf1 Qb8 38.Be3 d5 39.Qd4 Qb7 40.Rd1 {#r} 1-0

[Event "World Senior Teams +50"]
[Site "Hersonissos GRE"]
[Date "2017.04.26"]
[Round "3.5"]
[White "Maki,Christer"]
[Black "Viljava,T"]
[Result "0-1"]
[WhiteElo "2004"]
[BlackElo "2187"]

1.e4 c5 2.Nc3 Nc6 3.g3 g6 4.Bg2 Bg7 5.d3 d6 6.f4 e6 7.Nf3 Nge7 8.O-O O-O 9.Kh1
Rb8 10.a4 b6 11.Rb1 Qd7 12.Ne2 a5 13.Bd2 f5 14.Bc3 e5 15.Bd2 Ba6 16.Re1 Rbe8
17.Nc3 Bb7 18.Nd5 Nxd5 19.exd5 Nb4 20.Bxb4 axb4 21.Nd2 exf4 22.Rxe8 Rxe8
23.gxf4 Ba6 24.b3 Bc3 25.Nc4 Bxc4 26.dxc4 Re1+ 27.Qxe1 Bxe1 28.Rxe1 Qg7 29.Rf1
Qc3 30.Rf2 Qe1+ 31.Rf1 Qc3 32.Rf2 Qe1+ 33.Rf1 Qd2 34.h3 Kg7 35.Kh2 Qxc2 36.Rf3
Qd2 37.h4 Kf6 38.Kg3 Qe1+ 39.Kh3 h6 40.Rf1 Qe2 {#R} 0-1

[Event "World Senior Teams +65"]
[Site "Hersonissos GRE"]
[Date "2017.04.26"]
[Round "3.1"]
[White "Pushkov,N"]
[Black "Hammar,B"]
[Result "1-0"]
[WhiteElo "2335"]
[BlackElo "2165"]

1.Nf3 Nf6 2.c4 g6 3.Nc3 Bg7 4.e4 d6 5.d4 O-O 6.Be2 e5 7.Be3 Nbd7 8.d5 Nc5
9.Nd2 a5 10.a3 Bd7 11.b4 axb4 12.axb4 Rxa1 13.Qxa1 Na6 14.Qa3 Ng4 15.Bxg4 Bxg4
16.O-O Bc8 17.c5 f5 18.f3 f4 19.Bf2 g5 20.Nc4 g4 21.fxg4 Bxg4 22.cxd6 cxd6
23.Nb5 Be2 24.Rc1 f3 25.Nbxd6 b5 26.Nxb5 Qg5 27.g3 Nxb4 28.Ne3 Nd3 29.Rb1 Bh6
30.Nf5 Qh5 31.Nxh6+ Qxh6 32.Qd6 Qh3 33.Qe6+ Qxe6 34.dxe6 Rb8 35.e7 Re8 36.Nd6
{#r} 1-0

[Event "World Senior Teams +65"]
[Site "Hersonissos GRE"]
[Date "2017.04.26"]
[Round "3.2"]
[White "Vaisser,A"]
[Black "Birnboim,N"]
[Result "1-0"]
[WhiteElo "2506"]
[BlackElo "2355"]

1.d4 Nf6 2.c4 g6 3.Nc3 d5 4.cxd5 Nxd5 5.e4 Nxc3 6.bxc3 Bg7 7.Nf3 c5 8.Be3 O-O
9.Qd2 Qa5 10.Rc1 cxd4 11.cxd4 Qxd2+ 12.Kxd2 Rd8 13.d5 e6 14.Bc4 Nc6 15.Ke2
exd5 16.Bxd5 Nb4 17.Bb3 Be6 18.Bxe6 fxe6 19.Ng5 Nxa2 20.Rc7 Nc3+ 21.Kf3 Be5
22.Rxh7 Rf8+ 23.Kg4 Nxe4 24.Rh6 Nxf2+ 25.Bxf2 Rxf2 26.Rxg6+ Kh8 27.Kh5 Rf6
28.h4 Rg8 29.Rxg8+ Kxg8 30.Rd1 a5 31.Rd8+ Rf8 32.Rd7 a4 33.Rxb7 Ra8 34.Nf7 Bg7
35.Nh6+ Kh7 36.Nf7 a3 37.Ng5+ Kg8 38.Kg6 Bc3 39.h5 a2 40.h6 {#r} 1-0

[Event "World Senior Teams +65"]
[Site "Hersonissos GRE"]
[Date "2017.04.26"]
[Round "3.3"]
[White "Salov,S"]
[Black "Lindner,J"]
[Result "1-0"]
[WhiteElo "2190"]
[BlackElo "2106"]

1.e4 e6 2.d4 d5 3.Nd2 Nf6 4.e5 Nfd7 5.f4 c5 6.c3 b6 7.Ndf3 Ba6 8.Bxa6 Nxa6
9.f5 Nc7 10.Qd3 Be7 11.Ne2 Qc8 12.Nf4 Qb7 13.Nh5 Bf8 14.Ng5 Qc6 15.O-O exf5
16.Qxf5 Qg6 17.Qh3 Be7 18.Nf4 Qxg5 19.Nxd5 Nxd5 20.Bxg5 Bxg5 21.Qf3 Nc7
22.Qxf7+ Kd8 23.Qxg7 Be3+ 24.Kh1 {#r} 1-0

[Event "World Senior Teams +65"]
[Site "Hersonissos GRE"]
[Date "2017.04.26"]
[Round "3.3"]
[White "Olof,Erik"]
[Black "Baum,B"]
[Result "0-1"]
[WhiteElo "2006"]
[BlackElo "2226"]

1.Nf3 c5 2.e4 Nc6 3.d4 cxd4 4.Nxd4 g6 5.Nxc6 bxc6 6.Qd4 Nf6 7.e5 Nd5 8.e6 f6
9.exd7+ Qxd7 10.c4 e5 11.Qd3 Nb4 12.Qb3 Qf5 13.Na3 Bc5 14.Be3 Bxe3 15.Qxe3 O-O
16.Be2 Rd8 17.O-O Rd4 18.Rad1 Qd7 19.c5 Ba6 20.Nc4 Rd8 21.Nd6 Nd5 22.Bxa6 Nxe3
23.fxe3 Rxd1 24.Rxd1 Qg4 25.Rc1 Kf8 26.b3 h5 27.Rf1 Ke7 28.h3 Qb4 29.Kh1 Qxc5
30.Nb7 Qa3 31.Nxd8 Qxa6 32.Rd1 Qb6 33.Kh2 f5 34.g3 Qc5 35.Rd2 Qc3 {#R} 0-1

[Event "World Senior Teams +65"]
[Site "Hersonissos GRE"]
[Date "2017.04.26"]
[Round "3.4"]
[White "Olesen,P"]
[Black "Titz,Hei"]
[Result "1-0"]
[WhiteElo "2028"]
[BlackElo "2154"]

1.e4 c5 2.Nf3 Nc6 3.d4 cxd4 4.Nxd4 Nf6 5.Nc3 d6 6.Be2 e5 7.Nb3 Be7 8.O-O O-O
9.Be3 a5 10.a4 Be6 11.f4 exf4 12.Bxf4 Qb6+ 13.Kh1 Rfd8 14.Nd5 Bxd5 15.exd5 Nb4
16.Bf3 Nd7 17.c3 Na6 18.Re1 Bf6 19.Be3 Qc7 20.Nd4 Ndc5 21.Nb5 Qb6 22.Rb1 Re8
23.b4 Rxe3 24.Rxe3 axb4 25.Qe2 g6 26.Re8+ Rxe8 27.Qxe8+ Kg7 28.a5 Qxa5 29.cxb4
Qb6 30.bxc5 Nxc5 31.Nc3 Qa5 32.Ne4 Qa2 33.Qb5 {#r} 1-0

[Event "World Senior Teams +65"]
[Site "Hersonissos GRE"]
[Date "2017.04.26"]
[Round "3.4"]
[White "Ager,J"]
[Black "Mortensen,S"]
[Result "1-0"]
[WhiteElo "2132"]
[BlackElo "1954"]

1.d4 Nf6 2.c4 g6 3.Nc3 Bg7 4.e4 d6 5.Be2 O-O 6.Bg5 h6 7.Be3 e5 8.d5 a5 9.g4
Ne8 10.h4 f5 11.gxf5 gxf5 12.exf5 Bxf5 13.Qd2 Qf6 14.h5 Nd7 15.Nf3 Nc5 16.Nh4
Ne4 17.Nxe4 Bxe4 18.f3 Bh7 19.Ng6 Rf7 20.O-O-O a4 21.a3 c5 22.Rdg1 b6 23.Rg3
Raa7 24.Bd3 Rab7 25.Rhg1 Rbc7 26.Bxh6 Bxh6 27.Qxh6 Rg7 28.Qe3 Kf7 29.Rg4 Ra7
30.Be4 Rb7 31.f4 Bxg6 32.Bxg6+ Kf8 33.fxe5 dxe5 34.Qe2 Ke7 35.h6 {#r} 1-0

[Event "World Senior Teams +65"]
[Site "Hersonissos GRE"]
[Date "2017.04.26"]
[Round "3.5"]
[White "Van Kemenade,R"]
[Black "Ashby,Ant"]
[Result "1-0"]
[WhiteElo "1914"]
[BlackElo "2080"]

1.f4 d5 2.Nf3 g6 3.g3 Bg7 4.Bg2 Nf6 5.d3 O-O 6.O-O b6 7.c3 Bb7 8.Na3 c5 9.Qe1
e6 10.h3 Nfd7 11.e4 Na6 12.e5 Nc7 13.g4 Ba6 14.c4 b5 15.b3 Nb6 16.Qe2 Qd7
17.Be3 bxc4 18.bxc4 d4 19.Bc1 Rab8 20.Ng5 f6 21.exf6 Bxf6 22.Ne4 Na4 23.Nxf6+
Rxf6 24.Qe5 Rbf8 25.Bd2 Bc8 26.Rab1 Na6 27.Nb5 Qe7 28.Nd6 Nb6 29.g5 Rf5
30.Nxf5 Rxf5 31.Qe4 Rf7 32.Rfe1 Kg7 33.h4 Qf8 34.a3 Qd6 35.Bh3 Re7 36.Qe5+
Qxe5 37.Rxe5 {#r} 1-0

[Event "World Senior Teams +65"]
[Site "Hersonissos GRE"]
[Date "2017.04.26"]
[Round "3.5"]
[White "Reuben,S"]
[Black "Bevan,P"]
[Result "1-0"]
[WhiteElo "2077"]
[BlackElo "1933"]

1.c4 f5 2.e4 fxe4 3.d3 g6 4.dxe4 Bg7 5.Nf3 Nc6 6.Nc3 d6 7.Be2 Nf6 8.Bf4 O-O
9.Qd2 e5 10.Bg5 Bg4 11.O-O-O Bxf3 12.gxf3 Nd4 13.f4 h6 14.fxe5 Nxe2+ 15.Qxe2
hxg5 16.exf6 Qxf6 17.Rd2 c6 18.Qg4 Qe5 19.h4 Rf4 20.Qxg5 Raf8 21.Qxg6 Rxf2
22.Qxd6 Qxd6 23.Rxd6 Bxc3 24.bxc3 Rf1+ 25.Rxf1 Rxf1+ 26.Kc2 Rf4 27.Rd7 Rxe4
28.Rxb7 Rxc4 29.Rb4 Rc5 30.Rb8+ Kg7 31.Rb7+ Kg6 32.Rxa7 Rc4 33.Rc7 Kf6 34.Kb3
Rc5 35.a4 Ke6 36.Kb4 Kd6 37.Rd7+ {#r} 1-0

[Event "18th Karpov Poikovsky"]
[Site "Poikovsky RUS"]
[Date "2017.04.25"]
[Round "7.4"]
[White "Jakovenko,D"]
[Black "Najer,E"]
[Result "0-1"]
[WhiteElo "2718"]
[BlackElo "2679"]

1.c4 e5 2.Nc3 Nc6 3.Nf3 Nf6 4.g3 g6 5.d4 exd4 6.Nxd4 Bg7 7.Bf4 O-O 8.Nxc6 bxc6
9.Bg2 Rb8 10.Qc2 d5 11.Rd1 Bf5 12.Qc1 d4 13.O-O Nh5 14.e4 Bg4 15.f3 Nxf4
16.Qxf4 Be6 17.Rf2 Bxc4 18.Bf1 Bxf1 19.Kxf1 Qc8 20.Nb1 Qa6+ 21.Kg2 Qxa2 22.Qc1
Rb4 23.Rd3 Qa6 {#R} 0-1

[Event "18th Karpov Poikovsky"]
[Site "Poikovsky RUS"]
[Date "2017.04.25"]
[Round "7.5"]
[White "Rodshtein,M"]
[Black "Bologan,V"]
[Result "1-0"]
[WhiteElo "2701"]
[BlackElo "2640"]

1.d4 d6 2.Nf3 Nf6 3.c4 g6 4.Nc3 Bf5 5.h3 Ne4 6.Qb3 Nxc3 7.bxc3 Qc8 8.Nd2 Bg7
9.g4 Bd7 10.Bg2 Nc6 11.Rb1 Rb8 12.Qc2 O-O 13.Qd3 e5 14.d5 Nd8 15.g5 b6 16.h4
Nb7 17.Nb3 Nc5 18.Nxc5 bxc5 19.Rxb8 Qxb8 20.Be4 Qb6 21.h5 Qa6 22.a3 Qa4 23.Kf1
Bc8 24.Kg2 Re8 25.Rh4 Ba6 26.hxg6 hxg6 27.Bxg6 fxg6 28.Qxg6 Re7 29.Qh7+ Kf8
30.g6 Bxc4 31.Kh2 Qb3 32.Qh5 Qb1 33.Rxc4 Qxc1 34.Qf5+ Kg8 35.Qc8+ Bf8 36.Rh4
Kg7 37.Qf5 Qd2 38.Rh7+ Kg8 39.Rh8+ {#r} 1-0

[Event "Reykjavik Open 2017"]
[Site "Reykjavik ISL"]
[Date "2017.04.25"]
[Round "8.13"]
[White "Landa,K"]
[Black "Ris,R"]
[Result "1-0"]
[WhiteElo "2611"]
[BlackElo "2419"]

1.e4 e6 2.d4 d5 3.Nc3 Bb4 4.e5 c5 5.a3 Ba5 6.b4 cxd4 7.Nb5 Bc7 8.f4 Bd7 9.Nf3
Ne7 10.Nbxd4 Nbc6 11.Bb2 Bb6 12.Bd3 a6 13.Qe2 Rc8 14.Qf2 Nxd4 15.Bxd4 Bxd4
16.Nxd4 Qb6 17.O-O Ba4 18.f5 exf5 19.Bxf5 Rc4 20.Rad1 O-O 21.Be6 Be8 22.Bh3
Nc6 23.Nf5 Qxf2+ 24.Rxf2 Nxe5 25.Nd6 Rc7 26.Rxd5 Nc4 27.Rc5 Rxc5 28.bxc5 Nxd6
29.cxd6 Bc6 30.c4 Rd8 31.c5 b6 32.cxb6 Rxd6 33.Bc8 Bb5 34.Rd2 Rxd2 35.b7 Rxg2+
36.Kxg2 Bc6+ 37.Kf2 Bxb7 38.Bxb7 a5 39.Ke3 h5 40.Kd4 g6 {#r} 1-0

[Event "Reykjavik Open 2017"]
[Site "Reykjavik ISL"]
[Date "2017.04.25"]
[Round "8.16"]
[White "Pfreundt,Jakob"]
[Black "Blomqvist,E"]
[Result "0-1"]
[WhiteElo "2392"]
[BlackElo "2548"]

1.d4 d5 2.c4 c6 3.cxd5 cxd5 4.Nc3 Nf6 5.Bf4 e6 6.e3 Bd6 7.Bxd6 Qxd6 8.Bd3 O-O
9.Nf3 Nc6 10.O-O Bd7 11.Rc1 Rac8 12.Qe2 Rfd8 13.Rfd1 Be8 14.h3 h6 15.Re1 a6
16.Rcd1 Qe7 17.Rc1 Qd6 18.Rcd1 Rc7 19.e4 dxe4 20.Nxe4 Qe7 21.Bb1 Kf8 22.Rd2
Nxe4 23.Qxe4 Rcd7 24.Red1 Qf6 25.a3 Rd6 26.Ba2 Ne7 27.Ne5 Bc6 28.Nxc6 Nxc6
29.d5 exd5 30.Qh7 Ne7 31.Re1 Re6 32.Red1 Ng6 33.Rc1 Qg5 34.Rdc2 Rde8 35.Kh2
Rc6 36.g3 Qf5 37.Bb1 Rxc2 38.Rxc2 Qf3 {#R} 0-1

[Event "Reykjavik Open 2017"]
[Site "Reykjavik ISL"]
[Date "2017.04.25"]
[Round "8.18"]
[White "Sarkar,J"]
[Black "Perelshteyn,E"]
[Result "0-1"]
[WhiteElo "2390"]
[BlackElo "2509"]

1.d4 d5 2.c4 dxc4 3.e4 b5 4.a4 c6 5.Nc3 a6 6.axb5 cxb5 7.Nxb5 axb5 8.Rxa8 Bb7
9.Ra1 e6 10.f3 f5 11.exf5 Nc6 12.Ne2 Nge7 13.fxe6 Nf5 14.Bf4 Bb4+ 15.Nc3 Ncxd4
16.Be2 Qb6 17.Qd2 O-O 18.Bd1 Nxe6 19.Bg3 Rd8 20.Bf2 Bc5 21.Qc2 Ned4 22.Bxd4
Nxd4 23.Qb1 Qh6 {#R} 0-1

[Event "Reykjavik Open 2017"]
[Site "Reykjavik ISL"]
[Date "2017.04.25"]
[Round "8.19"]
[White "Guramishvili,S"]
[Black "Firat,B"]
[Result "0-1"]
[WhiteElo "2363"]
[BlackElo "2503"]

1.d4 Nf6 2.c4 e6 3.Nc3 Bb4 4.e3 Bxc3+ 5.bxc3 d6 6.Bd3 e5 7.Ne2 e4 8.Bc2 Bg4
9.Ba3 Bxe2 10.Qxe2 Nbd7 11.Rb1 c5 12.f3 Qa5 13.Rb3 O-O 14.fxe4 Rae8 15.O-O
Nxe4 16.Rf4 Ndf6 17.Qd3 Re6 18.h4 h5 19.Bc1 Qc7 20.Bd1 Rfe8 21.Ra3 a6 22.Bf3
R8e7 23.Bd1 g6 24.Bf3 Kg7 25.Qc2 Qc8 26.Rb3 Ng3 27.d5 Re5 28.Rxf6 Kxf6 29.Qf2
Nf5 30.e4 Rxe4 31.Bxe4 Rxe4 32.Bg5+ Kg7 33.Qb2 Qe8 34.Rxb7 Re2 35.Qb6 Re1+
{#R} 0-1

[Event "Reykjavik Open 2017"]
[Site "Reykjavik ISL"]
[Date "2017.04.25"]
[Round "8.21"]
[White "Vaishali,R"]
[Black "Kunte,A"]
[Result "0-1"]
[WhiteElo "2259"]
[BlackElo "2491"]

1.e4 c5 2.Nf3 e6 3.d4 cxd4 4.Nxd4 a6 5.Nc3 b5 6.Bd3 Qb6 7.Nb3 Qc7 8.Be3 Nf6
9.O-O d6 10.f4 Nbd7 11.a3 Bb7 12.Qf3 Be7 13.Qh3 h5 14.Kh1 g6 15.Rae1 Nc5
16.Bd4 Ncd7 17.e5 dxe5 18.fxe5 Ng4 19.Be4 Bxe4 20.Nxe4 Ndxe5 21.Qc3 Nc4 22.Bg1
O-O 23.h3 Nh6 24.Nf6+ Bxf6 25.Qxf6 Qd8 26.Qc3 Nf5 27.Nd4 Nxd4 28.Bxd4 e5
29.Bc5 Re8 30.b3 Rc8 31.Rd1 Qc7 32.Bb4 a5 33.bxc4 axb4 34.Qxb4 bxc4 35.Rf6 e4
36.Qb5 e3 37.Re1 Rcd8 38.Qg5 e2 39.Rf3 Rd1 40.Qh4 Qd8 41.Qf2 Rxe1+ {#R} 0-1

[Event "Reykjavik Open 2017"]
[Site "Reykjavik ISL"]
[Date "2017.04.25"]
[Round "8.28"]
[White "Maisuradze,N"]
[Black "Saptarshi,R"]
[Result "0-1"]
[WhiteElo "2273"]
[BlackElo "2425"]

1.d4 d5 2.Nf3 e6 3.c4 c6 4.e3 Nf6 5.Bd3 a6 6.c5 Nbd7 7.O-O e5 8.Be2 Qe7 9.Nc3
g6 10.b4 e4 11.Ne1 h5 12.a4 Bh6 13.Rb1 Kf8 14.b5 a5 15.Ba3 Kg7 16.Nc2 Ng4
17.bxc6 bxc6 18.h3 Ngf6 19.Nb5 Ne8 20.Nd6 Nxd6 21.cxd6 Qg5 22.f4 exf3 23.Rxf3
Nf6 24.Rb6 Bf5 25.Rxc6 Be4 26.d7 Nxd7 27.Bd6 Rhc8 28.Bb5 Rxc6 29.Bxc6 Rc8
30.Rg3 Qd8 31.Bxd7 Qxd7 32.Be5+ f6 33.Qxh5 fxe5 34.Qxe5+ Kh7 35.Na3 Re8 36.Qf6
Qc7 37.Kh2 Bxe3 38.Nb5 Bg1+ {#R} 0-1

[Event "Reykjavik Open 2017"]
[Site "Reykjavik ISL"]
[Date "2017.04.25"]
[Round "8.29"]
[White "Nihal,Sarin"]
[Black "Gorti,Akshita"]
[Result "1-0"]
[WhiteElo "2424"]
[BlackElo "2261"]

1.d4 e6 2.c4 Nf6 3.Nf3 b6 4.g3 Bb7 5.Bg2 Be7 6.Nc3 Ne4 7.Bd2 Bf6 8.Qc2 Nxd2
9.Qxd2 d6 10.Rd1 Nd7 11.Qc2 Rb8 12.O-O O-O 13.e4 e5 14.d5 Be7 15.h4 Nf6 16.Bh3
Bc8 17.Bxc8 Qxc8 18.Qe2 g6 19.Kg2 Nh5 20.Ne1 Ng7 21.Nd3 f5 22.f4 exf4 23.exf5
Nxf5 24.Nxf4 Bf6 25.Ne6 Re8 26.Ne4 Be5 27.g4 Nxh4+ 28.Kh3 g5 29.N4xg5 Ng6
30.Qe4 Re7 31.Rf2 Qd7 32.Rdf1 Rbe8 33.Qxg6+ {#r} 1-0

[Event "Reykjavik Open 2017"]
[Site "Reykjavik ISL"]
[Date "2017.04.25"]
[Round "8.30"]
[White "Thorhallsson,T"]
[Black "Einarsson,H"]
[Result "1-0"]
[WhiteElo "2423"]
[BlackElo "2257"]

1.e4 c5 2.Nf3 Nc6 3.Nc3 Nf6 4.d4 cxd4 5.Nxd4 e5 6.Ndb5 d6 7.Bg5 a6 8.Na3 b5
9.Nd5 Be7 10.Bxf6 Bxf6 11.c4 b4 12.Nc2 a5 13.g3 Bg5 14.Bg2 O-O 15.O-O Ne7
16.Nde3 Bxe3 17.Nxe3 Be6 18.Qd3 Qb6 19.Rfd1 Rfd8 20.Rd2 a4 21.Rad1 g6 22.b3
axb3 23.axb3 Nc6 24.Nc2 Kf8 25.h4 Ra2 26.Kh2 Qc5 27.Bh3 Ke7 28.Nd4 Rxd2
29.Nxc6+ Qxc6 30.Rxd2 Bxh3 31.Kxh3 Ra8 32.Qe3 h5 33.Rd5 Ra1 34.c5 Qc8+ 35.Kg2
dxc5 36.Qg5+ f6 37.Qxg6 Qg4 38.Qh7+ Ke8 39.Rd6 {#r} 1-0